000
00277nam a2200121Ia 4500
005
20251222143316.0
008
251222s9999||||xx |||||||||||||| ||spa||
082
_a
240.4/V66
100
_a
Villalón, Joaquin
245
0
_a
La Moda Cristiana
264
_b
Arqueros
942
_c
LIB
999
_c
15918
_d
15918